000 00954nam a2200229 a 4500
001 57398
003 BD-RjUL
005 20211209080514.0
008 160812s2016 bg ||||| |||| 00| 0 ben d
020 _a9789849201670
_c: Tk.200.00
035 _a(BD-RjUL)57522
040 _aBD-RjUL
_bben
_cBD-RjUL
_dBD-RjUL
041 _aben
082 _223
_a923.2095492
_bKAB 2016
100 _aকরিম, এ. এইচ. এম. জেহাদুল
_9170404
245 1 0 _aবঙ্গবন্ধু এবং বাংলাদেশ :
_bসমসাময়িক সমাজ ও রাজনীতি প্রসঙ্গে /
_cএ. এইচ. এম. জেহাদুল করিম
260 _aঢাকা :
_bশ্রাবন,
_c২০১৬.
300 _a৯৬ পৃ. ;
_c২১ সেমি.
650 _aরাজনীতিবিদ
_9170454
_zবাংলাদেশ
650 _aPoliticians
_9170455
_zBangladesh
942 _2ddc
_cBK
999 _c57398
_d57398